000 00363nam a2200169Ia 4500
001 12313
003 IN-NITTTR
005 20251114233115.0
008 251113s9999||||xx |||||||||||||| ||eng||
040 _beng
040 _cIN-NITTTR
041 _aeng
082 _a823 W644S
100 _aWilde, Oscar
245 0 _aStories /
_cWilde, Oscar
942 _2ddc
_cBK
999 _c14949
_d14949